000 00696nam a2200229Ia 4500
003 OSt
005 20220925203553.0
006 a|||||r|||| 00| 0
007 ta
008 220923b |||||||| |||| 00| 0 eng d
037 _cGeneral Book
040 _aRTL
_cRTL
_beng
041 _2eng
_aeng
082 _aX:991.3.N6, K6
100 _aRoberts B. C. Ed.
_9128426
245 0 _aManpower policy and employment trends
260 _aEngland
_bGresham Press
_c1966
650 _aLabour Market Economics - Great Britain
_9231381
700 _a Smith J. H. Ed.
_992075
942 _hX:991.3.N6, K6
_cGB
_2CC
999 _c546993
_d546993